BLACKPINK - Chansons de l'album BORN PINK - Statistiques

Statistiques générales
  • Ce quiz a été pris 37 fois
  • Le résultat moyen est 7 sur 8
Statistiques - réponses
Hint Réponse % Correct
BORN PINK 1 Pink Venom
100%
BORN PINK 2 Shut Down
97%
BORN PINK 3 Typa Girl
84%
BORN PINK 4 Yeah Yeah Yeah
84%
BORN PINK2 5 Hard to Love
81%
BORN PINK2 7 Tally
81%
BORN PINK2 6 The Happiest Girl
78%
BORN PINK2 8 Ready For Love
75%
Aucun quiz correspondant
Distribution des résultats
% des personnes avec chaque résultat
Percentile par nombre de réponses
Votre historique - résultats
Vous n’avez pas pris ce quiz